[Event "World Youth U16 Olympiad"]
[Site "Gyor HUN"]
[Date "2014.12.18"]
[Round "7.9"]
[Board "1"]
[White "Plenca, Jadranko"]
[Black "Jarmula, Lukasz"]
[Result "1/2-1/2"]
[WhiteTitle "FM"]
[BlackTitle "FM"]
[WhiteElo "2313"]
[BlackElo "2307"]
[WhiteTeam "Croatia"]
[BlackTeam "Poland 1"]
[WhiteFideId "14527146"]
[BlackFideId "1160664"]
[EventDate "2014.12.13"]
[EventType "team"]

1. e4 c5 2. Nf3 e6 3. c3 Nf6 4. e5 Nd5 5. Bc4 d6 6. d4 cxd4 7. cxd4 Nc6 8. O-O
Be7 9. exd6 Qxd6 10. Nc3 O-O 11. Ne4 Qb4 12. Bd3 Nxd4 13. Nxd4 Qxd4 14. Ng5 g6
15. Nxh7 Rd8 16. Ng5 Nf4 17. Bxf4 Qxf4 18. Ne4 b6 19. Qe2 Bb7 20. Ng3 Rd5 21.
Be4 Re5 22. Bxb7 Rxe2 23. Nxe2 Qb8 24. Bxa8 Qxa8 25. Rad1 Qe4 26. Nc3 Qc2 27.
Rd7 Bc5 28. Rxa7 Kg7 29. Nd1 g5 30. b3 Kg6 31. Ra8 Qd2 32. Rg8+ Kh7 33. Ra8 f5
34. Re8 Qd7 35. Ra8 Qd2 36. Re8 Qd7 37. Ra8 f4 38. Nb2 Qd2 39. Nc4 Qd5 40. Rc8
Qd7 41. Rxc5 bxc5 42. Re1 g4 43. g3 f3 44. Rc1 Qd3 45. Ne3 Qd2 46. Rc2 Qe1+ 47.
Nf1 Qb1 48. Rxc5 Qxa2 49. b4 Kg6 50. Rc1 Qb2 51. Re1 Qe2 52. Rb1 Qc2 53. Re1 Qe2
54. Rb1 Qe4 1/2-1/2

[Event "World Youth U16 Olympiad"]
[Site "Gyor HUN"]
[Date "2014.12.18"]
[Round "7.9"]
[Board "2"]
[White "Gumularz, Szymon"]
[Black "Tica, Sven"]
[Result "1/2-1/2"]
[WhiteElo "2241"]
[BlackElo "2236"]
[WhiteTeam "Poland 1"]
[BlackTeam "Croatia"]
[WhiteFideId "1188062"]
[BlackFideId "14526948"]
[EventDate "2014.12.13"]
[EventType "team"]

1. Nf3 Nf6 2. c4 e6 3. g3 d5 4. Bg2 Be7 5. O-O O-O 6. d4 c6 7. Qc2 Nbd7 8. Nbd2
b6 9. e4 dxe4 10. Nxe4 Bb7 11. Rd1 Qc8 12. Nxf6+ Nxf6 13. Re1 Re8 14. b3 c5 15.
Bb2 cxd4 16. Bxd4 Qc6 17. Nh4 Qc8 18. Nf3 Qc6 19. Nh4 Qc8 20. Nf3 Qc6 21. Nh4
Qc8 22. Nf3 1/2-1/2

[Event "World Youth U16 Olympiad"]
[Site "Gyor HUN"]
[Date "2014.12.18"]
[Round "7.9"]
[Board "3"]
[White "Livaic, Leon"]
[Black "Janik, Igor"]
[Result "1/2-1/2"]
[WhiteElo "2193"]
[BlackElo "2182"]
[WhiteTeam "Croatia"]
[BlackTeam "Poland 1"]
[WhiteFideId "14531534"]
[BlackFideId "1159259"]
[EventDate "2014.12.13"]
[EventType "team"]

1. d4 Nf6 2. Nf3 g6 3. g3 Bg7 4. Bg2 O-O 5. O-O d6 6. Nc3 c5 7. dxc5 dxc5 8.
Qxd8 Rxd8 9. Be3 Na6 10. Ne5 e6 11. f4 Bf8 12. Rad1 Re8 13. Ne4 Nxe4 14. Bxe4
Nb4 15. Nd7 Bxd7 16. Rxd7 Nd5 17. Bxd5 exd5 18. Bd2 Rxe2 19. Rf2 Re7 20. Rxd5 f5
21. Bc3 Rae8 22. Be5 b6 23. Re2 Kf7 24. Kf2 Bg7 25. Kf3 g5 26. a4 Kg6 27. a5 Re6
28. a6 R8e7 29. Red2 Bxe5 30. fxe5 Kf7 31. Re2 Rc6 32. c4 Rce6 33. h4 h6 34. h5
Ke8 35. Re1 Kf8 36. Rd8+ Kf7 37. Rh8 Kg7 38. Rb8 Kf7 39. Rb7 b5 40. Rxb5 Rxa6
41. Rxc5 Rb6 42. Re2 Ke6 43. Rc8 Rb3+ 44. Kf2 f4 45. gxf4 gxf4 46. Rc6+ Kf5 47.
Rf6+ Kg5 48. c5 Rxe5 49. Rxe5+ Kxf6 50. Re2 Rh3 51. Re4 Rxh5 52. Rxf4+ Rf5 1/2-1/2

[Event "World Youth U16 Olympiad"]
[Site "Gyor HUN"]
[Date "2014.12.18"]
[Round "7.9"]
[Board "4"]
[White "Harazinska, Ewa"]
[Black "Muha, Miljenko"]
[Result "1-0"]
[WhiteTitle "WFM"]
[WhiteElo "2143"]
[BlackElo "2105"]
[WhiteTeam "Poland 1"]
[BlackTeam "Croatia"]
[WhiteFideId "1118374"]
[BlackFideId "14533332"]
[EventDate "2014.12.13"]
[EventType "team"]

1. d4 Nf6 2. c4 g6 3. Nc3 d5 4. Nf3 Bg7 5. Qa4+ Bd7 6. Qb3 dxc4 7. Qxc4 O-O 8.
Bf4 Bc6 9. Ne5 Bd5 10. Nxd5 Nxd5 11. Bg3 c6 12. a3 Nd7 13. Nxd7 Qxd7 14. e3 Kh8
15. Be2 f5 16. O-O f4 17. exf4 Nxf4 18. Rad1 Qd5 19. f3 Rad8 20. Bf2 Qg5 21. g3
Nh3+ 22. Kg2 Nxf2 23. Rxf2 Rf4 24. h4 Rxh4 25. f4 Rxf4 26. Rxf4 e5 27. dxe5 Rxd1
28. Bxd1 Bxe5 29. Rf8+ Kg7 30. Rg8+ Kf6 31. Qf1+ 1-0

[Event "World Youth U16 Olympiad"]
[Site "Gyor HUN"]
[Date "2014.12.18"]
[Round "7.10"]
[Board "2"]
[White "Doknjas, John"]
[Black "Perske, Thore"]
[Result "0-1"]
[WhiteTitle "CM"]
[WhiteElo "2080"]
[BlackElo "2402"]
[WhiteTeam "Canada 2"]
[BlackTeam "Germany"]
[WhiteFideId "2608367"]
[BlackFideId "12902195"]
[EventDate "2014.12.13"]
[EventType "team"]

1. d4 Nf6 2. c4 e6 3. Nc3 Bb4 4. e3 Bxc3+ 5. bxc3 O-O 6. Bd3 d6 7. Ne2 c5 8. O-O
b6 9. e4 Bb7 10. Ng3 Nc6 11. Be3 Rc8 12. Rc1 Ba6 13. e5 dxe5 14. dxc5 Na5 15.
cxb6 axb6 16. Rb1 Rc6 17. Qa4 Qxd3 18. Bxb6 Qxc4 19. Qxa5 Nd5 20. Ba7 Qxc3 21.
Qxc3 Nxc3 22. Rfc1 Rfc8 23. Rb8 Rxb8 24. Bxb8 f6 25. Ba7 Rc4 26. a3 h5 27. h4 g5
28. Rc2 gxh4 29. Nf1 Rc7 30. Bb6 Rc6 31. Ne3 Ne2+ 32. Rxe2 Bxe2 33. Ba5 f5 34.
g3 hxg3 35. fxg3 f4 36. gxf4 exf4 37. Ng2 e5 38. Bd2 Rc2 39. Bb4 Kf7 40. Ne1 Ra2
41. Kf2 Bb5+ 42. Kf3 Bc6# 0-1

[Event "World Youth U16 Olympiad"]
[Site "Gyor HUN"]
[Date "2014.12.18"]
[Round "7.10"]
[Board "3"]
[White "Vogel, Roven"]
[Black "Zhu, Hong Rui"]
[Result "1-0"]
[WhiteElo "2401"]
[BlackElo "2085"]
[WhiteTeam "Germany"]
[BlackTeam "Canada 2"]
[WhiteFideId "12908088"]
[BlackFideId "2614740"]
[EventDate "2014.12.13"]
[EventType "team"]

1. d4 Nf6 2. Nf3 g6 3. c4 Bg7 4. Nc3 d5 5. h4 h5 6. Bg5 c6 7. e3 O-O 8. Be2 Be6
9. Bxf6 Bxf6 10. Ng5 Bxg5 11. hxg5 Kg7 12. e4 dxe4 13. d5 cxd5 14. cxd5 Bf5 15.
Nxe4 Qa5+ 16. Nc3 Qb6 17. Qd2 Na6 18. Bxa6 Qxa6 19. f3 Qc4 20. g4 hxg4 21. Qh2
Rh8 22. Qe5+ f6 23. Qxe7+ Kg8 24. Rxh8+ Kxh8 25. gxf6 Rg8 26. Kf2 g3+ 27. Kxg3
Bg4 28. f7 1-0

[Event "World Youth U16 Olympiad"]
[Site "Gyor HUN"]
[Date "2014.12.18"]
[Round "7.10"]
[Board "4"]
[White "Doknjas, Joshua"]
[Black "Sieber, Fiona"]
[Result "0-1"]
[WhiteElo "2005"]
[BlackElo "2019"]
[WhiteTeam "Canada 2"]
[BlackTeam "Germany"]
[WhiteFideId "2614316"]
[BlackFideId "12902373"]
[EventDate "2014.12.13"]
[EventType "team"]

1. e4 c5 2. Nf3 d6 3. Bb5+ Nd7 4. O-O Nf6 5. d4 a6 6. Bxd7+ Qxd7 7. Nc3 cxd4 8.
Qxd4 e5 9. Qd3 h6 10. Nd2 Be7 11. Nc4 Qc6 12. Be3 b5 13. Nb6 Rb8 14. Nxc8 Rxc8
15. a3 O-O 16. Rad1 Rfd8 17. f3 Rd7 18. Rf2 Bd8 19. Rfd2 Ba5 20. Qe2 Bxc3 21.
bxc3 Ne8 22. Rd3 Rdc7 23. h4 Qb7 24. Qe1 Rc4 25. Kh2 Qc7 26. Bd2 Qe7 27. g4 R8c6
28. Qg3 Kh7 29. g5 h5 30. Re1 Ra4 31. f4 exf4 32. Qf3 g6 33. e5 d5 34. Qxd5 Re6
35. Rd4 Nc7 36. Qe4 Rxa3 37. Qd3 Kg7 38. Rxf4 Ra4 39. Rxa4 bxa4 40. c4 Qc5 41.
Qe2 Qd4 42. Kh3 Rc6 43. c3 Qd7+ 44. Kh2 Qe6 45. Rf1 Rxc4 46. Rf4 Rxf4 47. Bxf4
Nd5 48. Bd2 Nb6 49. Bc1 Nc4 50. Bf4 a3 51. Qa2 Qc6 52. Bc1 Qc5 53. Kg2 Qd5+ 54.
Kf2 Qc5+ 55. Kg2 a5 56. Qe2 Qd5+ 57. Kf2 a4 58. Qa2 Qc5+ 59. Kg2 Qc6+ 60. Kf2
Qb6+ 61. Kg2 Qb3 62. Qf2 a2 63. e6 Qb7+ 64. Kh3 a1=Q 65. Qf6+ Kh7 0-1

[Event "World Youth U16 Olympiad"]
[Site "Gyor HUN"]
[Date "2014.12.18"]
[Round "7.11"]
[Board "1"]
[White "Theodorou, Nikolas"]
[Black "Dale, Ari"]
[Result "1-0"]
[BlackTitle "IM"]
[WhiteElo "2321"]
[BlackElo "2252"]
[WhiteTeam "Greece"]
[BlackTeam "Australia"]
[WhiteFideId "4262875"]
[BlackFideId "3213145"]
[EventDate "2014.12.13"]
[EventType "team"]

1. Nf3 Nf6 2. c4 g6 3. Nc3 d5 4. cxd5 Nxd5 5. Qa4+ Nc6 6. Ne5 Qd6 7. Nxc6 Qxc6
8. Qxc6+ bxc6 9. g3 Bg7 10. Bg2 Be6 11. O-O O-O-O 12. a3 Nxc3 13. dxc3 Bd5 14.
Be3 a5 15. a4 Bxg2 16. Kxg2 Rd5 17. Rfc1 Kb7 18. Rab1 Ra8 19. h4 h5 20. Rc2 Bf6
21. Bf4 e6 22. e4 Rd7 23. e5 Be7 24. Re1 Rad8 25. Re4 Rd1 26. Be3 Bf8 27. b4 Rb1
28. Rf4 Rd7 29. bxa5 Bh6 30. Rb4+ Rxb4 31. cxb4 Bxe3 32. fxe3 Rd5 33. Rf2 c5 34.
b5 c4 35. a6+ Ka7 36. Rxf7 Rc5 37. Rf2 c3 38. Rc2 c6 39. Kf3 Rc4 40. e4 Rxa4 41.
Rxc3 cxb5 42. Rc7+ Kxa6 43. Rc6+ Kb7 44. Rxe6 b4 45. Re7+ Kc6 46. Re8 Kd7 47.
Rb8 Ra3+ 48. Kf4 Rb3 49. Rb7+ Ke6 50. Rb6+ Kf7 51. Rb7+ Ke6 52. Rg7 Rb1 53.
Rxg6+ Kf7 54. Rb6 b3 55. Kg5 b2 56. Kxh5 Rg1 57. Rxb2 Rxg3 58. Rb6 Re3 59. Rf6+
Ke7 60. Rf4 Ke6 61. Kg5 Kxe5 62. h5 Ra3 63. h6 Ra8 64. h7 1-0

[Event "World Youth U16 Olympiad"]
[Site "Gyor HUN"]
[Date "2014.12.18"]
[Round "7.11"]
[Board "2"]
[White "Puccini, Jack"]
[Black "Kourkoulos-Arditis, Stamatis"]
[Result "0-1"]
[WhiteTitle "CM"]
[BlackTitle "FM"]
[WhiteElo "2188"]
[BlackElo "2294"]
[WhiteTeam "Australia"]
[BlackTeam "Greece"]
[WhiteFideId "3213307"]
[BlackFideId "4221990"]
[EventDate "2014.12.13"]
[EventType "team"]

1. e4 c5 2. Nf3 e6 3. d4 cxd4 4. Nxd4 Nc6 5. Nc3 Qc7 6. Be3 a6 7. Bd3 Nf6 8. O-O
h5 9. h3 b5 10. Nxc6 Qxc6 11. a3 Bb7 12. Qe2 h4 13. f4 Nh5 14. Qf2 Be7 15. Rfd1
Rc8 16. e5 f5 17. exf6 Nxf6 18. Be2 O-O 19. Bf3 Qc7 20. Kh1 Bxf3 21. Qxf3 Bc5
22. Rd3 Bxe3 23. Rxe3 Ne8 24. Rf1 Nd6 25. Re5 Nf5 26. Rd1 Rf7 27. Ne4 Rcf8 28.
Qh5 Qxc2 29. Kh2 Ne3 30. Qg6 Qxd1 0-1

[Event "World Youth U16 Olympiad"]
[Site "Gyor HUN"]
[Date "2014.12.18"]
[Round "7.11"]
[Board "3"]
[White "Tsiros, Fragkiskos Vlasios"]
[Black "Chew Lee, Max"]
[Result "1/2-1/2"]
[WhiteElo "2147"]
[BlackElo "1931"]
[WhiteTeam "Greece"]
[BlackTeam "Australia"]
[WhiteFideId "4228200"]
[BlackFideId "3213137"]
[EventDate "2014.12.13"]
[EventType "team"]

1. e4 e6 2. d4 d5 3. Nd2 Nc6 4. Ngf3 Nf6 5. e5 Nd7 6. Nb3 Be7 7. Bb5 a5 8. a4
Na7 9. Bd3 b6 10. Nbd2 c5 11. c3 Nc6 12. Bb5 Qc7 13. O-O Ba6 14. Qe2 Bxb5 15.
axb5 Na7 16. Ne1 c4 17. b3 Nxb5 18. Bb2 Rc8 19. bxc4 dxc4 20. Ra4 Nxd4 21. cxd4
b5 22. Ra1 c3 23. Rc1 b4 24. Ne4 Nb6 25. Bxc3 bxc3 26. Rxc3 Qd7 27. Qa6 Rxc3 28.
Nxc3 Qxd4 29. Nb5 Qd8 30. Na7 Bb4 31. Nc6 Qc7 32. Nxb4 axb4 33. Qb5+ Nd7 34.
Qxb4 Qc5 35. Qa4 Qe7 1/2-1/2

[Event "World Youth U16 Olympiad"]
[Site "Gyor HUN"]
[Date "2014.12.18"]
[Round "7.12"]
[Board "1"]
[White "Zhou, Jiangnan"]
[Black "Valkama, Eero"]
[Result "1/2-1/2"]
[WhiteElo "2100"]
[BlackElo "2108"]
[WhiteTeam "China"]
[BlackTeam "Finland"]
[WhiteFideId "8609918"]
[BlackFideId "507555"]
[EventDate "2014.12.13"]
[EventType "team"]

1. c4 Nf6 2. g3 e6 3. Bg2 d5 4. Nf3 c6 5. b3 Bd6 6. Bb2 Nbd7 7. d4 O-O 8. O-O b6
9. Nbd2 Bb7 10. cxd5 cxd5 11. Rc1 Rc8 12. Ne5 Ne4 13. Nxe4 dxe4 14. f4 exf3 15.
Bxf3 Bxf3 16. Nxf3 Rxc1 17. Qxc1 Qa8 18. Qb1 f5 19. Nd2 Nf6 20. Nc4 Qd5 21. Qd3
Ne4 22. Ne3 Qb7 23. d5 Bc5 24. dxe6 Ng5 25. h4 Nxe6 26. b4 Rd8 27. Qb3 Bxe3+ 28.
Qxe3 Qe4 29. Qxe4 fxe4 30. Kf2 Rd2 1/2-1/2

[Event "World Youth U16 Olympiad"]
[Site "Gyor HUN"]
[Date "2014.12.18"]
[Round "7.12"]
[Board "2"]
[White "Keinanen, Toivo"]
[Black "Dai, Changren"]
[Result "1/2-1/2"]
[WhiteElo "2045"]
[BlackElo "2301"]
[WhiteTeam "Finland"]
[BlackTeam "China"]
[WhiteFideId "509825"]
[BlackFideId "8608156"]
[EventDate "2014.12.13"]
[EventType "team"]

1. e4 c5 2. Nf3 d6 3. d4 cxd4 4. Nxd4 Nf6 5. f3 g6 6. c4 Bg7 7. Be3 O-O 8. Be2
Nc6 9. Qd2 Be6 10. Nc3 Nxd4 11. Bxd4 Rc8 12. b3 Qa5 13. Rd1 Nd7 14. O-O a6 15.
f4 Bxd4+ 16. Qxd4 f6 17. Kh1 Qc5 18. Qd2 b5 19. f5 gxf5 20. exf5 Bf7 21. Rf4 Kh8
22. Ne4 Qe5 23. cxb5 axb5 24. Ng3 Qc5 25. Rb4 Ne5 26. Rxb5 Qc6 27. Rb4 Rg8 28.
Rd4 Rg5 29. b4 Qa4 30. b5 Qxa2 31. Qxa2 Bxa2 32. Ra1 Bb3 33. Bd1 Bxd1 34. Rdxd1
Rgg8 35. Ra7 Rge8 36. h3 Rb8 37. Rb1 Kg8 38. Ne2 Kf7 39. Nf4 Red8 40. Nd5 Rd7
41. Rxd7 Nxd7 42. Kg1 1/2-1/2

[Event "World Youth U16 Olympiad"]
[Site "Gyor HUN"]
[Date "2014.12.18"]
[Round "7.12"]
[Board "3"]
[White "Xu, Yi"]
[Black "Nazarova, Anastasia"]
[Result "1-0"]
[WhiteTitle "FM"]
[BlackTitle "WCM"]
[WhiteElo "2360"]
[BlackElo "1850"]
[WhiteTeam "China"]
[BlackTeam "Finland"]
[WhiteFideId "8605564"]
[BlackFideId "34101737"]
[EventDate "2014.12.13"]
[EventType "team"]

1. e4 c5 2. Nf3 g6 3. d4 cxd4 4. Nxd4 Nc6 5. Nc3 Bg7 6. Be3 Nf6 7. Bc4 d6 8. f3
Qb6 9. Bb5 O-O 10. Nf5 Qa5 11. Nxg7 Kxg7 12. O-O a6 13. Be2 Rd8 14. Nd5 Nxd5 15.
exd5 Ne5 16. c4 f6 17. f4 Nf7 18. Qb3 b5 19. cxb5 axb5 20. Qxb5 Qxb5 21. Bxb5
Rb8 22. a4 Bd7 23. Bxd7 Rxd7 24. a5 Rxb2 25. a6 Rb8 26. a7 Ra8 27. Rfb1 Rdd8 28.
Rb7 Kf8 29. Rab1 Ke8 30. Rb8 1-0

[Event "World Youth U16 Olympiad"]
[Site "Gyor HUN"]
[Date "2014.12.18"]
[Round "7.13"]
[Board "1"]
[White "Thybo, Jesper Sondergaard"]
[Black "Nikitenko, Mihail"]
[Result "1-0"]
[WhiteTitle "FM"]
[WhiteElo "2255"]
[BlackElo "2379"]
[WhiteTeam "Denmark"]
[BlackTeam "Belarus"]
[WhiteFideId "1438832"]
[BlackFideId "13506862"]
[EventDate "2014.12.13"]
[EventType "team"]

1. d4 Nf6 2. c4 c6 3. Nf3 d5 4. e3 g6 5. Nc3 Bg7 6. Be2 O-O 7. O-O dxc4 8. Bxc4
Bg4 9. h3 Bxf3 10. Qxf3 Nbd7 11. Rd1 e5 12. d5 e4 13. Nxe4 Nxe4 14. Qxe4 Nb6 15.
Rb1 Re8 16. Qd3 cxd5 17. Bxd5 Qxd5 18. Qxd5 Nxd5 19. Rxd5 Rad8 20. Rd2 Rxd2 21.
Bxd2 Rc8 22. Rc1 Rd8 23. Rc2 f5 24. Kf1 Rd7 25. Ke2 Kf7 26. b3 Ke6 27. Rc4 Be5
28. Bb4 Bc7 29. Bc5 b6 30. Bb4 Be5 31. Rc6+ Kd5 32. Rc2 Ke6 33. Rc8 Bc7 34. Bc3
Bd8 35. Bd4 Bc7 36. Re8+ Kd5 37. Kd3 Bd6 38. g4 Rf7 39. gxf5 gxf5 40. Rg8 Bf8
41. h4 Ke6 42. h5 Bh6 43. Re8+ Kd7 44. Rb8 Kc6 45. a4 Bf8 46. Kc4 Bd6 47. Rc8+
Kd7 48. Rg8 Bf8 49. Kb5 Kd6 50. a5 bxa5 51. Rxf8 1-0

[Event "World Youth U16 Olympiad"]
[Site "Gyor HUN"]
[Date "2014.12.18"]
[Round "7.13"]
[Board "2"]
[White "Kazakovskiy, Valeriy"]
[Black "Moller, Sophus Mechlenburg"]
[Result "1/2-1/2"]
[WhiteElo "2378"]
[BlackElo "2133"]
[WhiteTeam "Belarus"]
[BlackTeam "Denmark"]
[WhiteFideId "13507443"]
[BlackFideId "1439090"]
[EventDate "2014.12.13"]
[EventType "team"]

1. d4 Nf6 2. c4 g6 3. Nc3 d5 4. cxd5 Nxd5 5. e4 Nxc3 6. bxc3 Bg7 7. Nf3 c5 8.
Be3 Qa5 9. Qd2 Nc6 10. Rb1 a6 11. Rc1 cxd4 12. cxd4 Qxd2+ 13. Kxd2 e6 14. Bc4
O-O 15. Ke2 b5 16. Bd3 Bb7 17. Rhd1 Rac8 18. Rc5 Rfd8 19. Rdc1 Bf8 20. R5c3 Bb4
21. Rb3 Be7 22. Rbc3 Bb4 23. Rb3 Be7 24. Rbc3 1/2-1/2

[Event "World Youth U16 Olympiad"]
[Site "Gyor HUN"]
[Date "2014.12.18"]
[Round "7.13"]
[Board "3"]
[White "Jacobsen, Mikkel Manosri"]
[Black "Zarubitski, Viachaslau"]
[Result "0-1"]
[BlackTitle "FM"]
[WhiteElo "2167"]
[BlackElo "2219"]
[WhiteTeam "Denmark"]
[BlackTeam "Belarus"]
[WhiteFideId "1444514"]
[BlackFideId "13509373"]
[EventDate "2014.12.13"]
[EventType "team"]

1. d4 d5 2. Bf4 Nf6 3. e3 e6 4. Nd2 c5 5. c3 Nc6 6. Bd3 Bd6 7. Bxd6 Qxd6 8. Ngf3
O-O 9. O-O e5 10. dxe5 Nxe5 11. Nxe5 Qxe5 12. Nf3 Qc7 13. Qc2 Bg4 14. Ng5 Kh8
15. h3 Bh5 16. f4 h6 17. Qf2 Qe7 18. Rae1 hxg5 19. fxg5 Ne4 20. Qh4 Qxg5 21. Rf4
Qh6 22. Qe7 Kg8 23. Bxe4 dxe4 24. Qxb7 Qb6 25. Qd5 Bg6 26. h4 Rad8 27. Qg5 Qc6
28. c4 f5 29. h5 Bh7 30. Ref1 Rd3 31. Qe7 Rd7 32. Qh4 Rd3 33. g4 Rxe3 34. gxf5
Qf6 35. Rxe4 Rxe4 36. Qxe4 Bxf5 37. Qd5+ Kh8 38. Qxc5 Qg5+ 39. Kf2 Qf4+ 0-1

[Event "World Youth U16 Olympiad"]
[Site "Gyor HUN"]
[Date "2014.12.18"]
[Round "7.13"]
[Board "4"]
[White "Badelka, Olga"]
[Black "Vangsgaard, Freja"]
[Result "1-0"]
[WhiteElo "1996"]
[BlackElo "1801"]
[WhiteTeam "Belarus"]
[BlackTeam "Denmark"]
[WhiteFideId "13509926"]
[BlackFideId "1436589"]
[EventDate "2014.12.13"]
[EventType "team"]

1. d4 Nf6 2. c4 e6 3. Nc3 Bb4 4. e3 b6 5. Ne2 Bb7 6. a3 Be7 7. d5 O-O 8. Nf4 e5
9. Nd3 d6 10. Be2 Ne8 11. O-O f5 12. f4 Nd7 13. e4 fxe4 14. Nxe4 h6 15. Bd2 Nef6
16. Ng3 c6 17. dxc6 Bxc6 18. Bc3 Re8 19. Nb4 Bb7 20. Nd5 Nxd5 21. cxd5 exf4 22.
Nf5 Nf6 23. Bh5 Nxh5 24. Qxh5 Bf6 25. Nxh6+ gxh6 26. Qg6+ Kf8 27. Bxf6 Qd7 28.
Qxh6+ Kg8 29. Qh8+ Kf7 30. Qg7# 1-0

[Event "World Youth U16 Olympiad"]
[Site "Gyor HUN"]
[Date "2014.12.18"]
[Round "7.14"]
[Board "1"]
[White "Markoja, Boris"]
[Black "Petrov, Martin"]
[Result "1-0"]
[WhiteTitle "FM"]
[WhiteElo "2335"]
[BlackElo "2183"]
[WhiteTeam "Slovenia"]
[BlackTeam "Bulgaria"]
[WhiteFideId "14608502"]
[BlackFideId "2911086"]
[EventDate "2014.12.13"]
[EventType "team"]

1. c4 Nf6 2. Nc3 c5 3. Nf3 Nc6 4. d4 cxd4 5. Nxd4 g6 6. e4 d6 7. Nc2 Bg7 8. Be2
O-O 9. O-O Be6 10. Be3 Nd7 11. Qd2 Rc8 12. Rac1 a6 13. f4 Nc5 14. Nd4 Qa5 15.
Nxc6 bxc6 16. f5 Bxc3 17. Qxc3 Qxc3 18. Rxc3 Nxe4 19. fxe6 Nxc3 20. bxc3 fxe6
21. Rd1 Rf5 22. Bg4 Re5 23. Bd4 Re4 24. Bf3 Rf4 25. c5 e5 26. Be3 Rc4 27. cxd6
exd6 28. Rxd6 Rxc3 29. Bg5 Rc7 30. h3 Rc2 31. Bf6 Rc5 32. Bg4 Kf7 33. Bd8 Rb7
34. Be6+ Kg7 35. Bb3 Kh6 36. h4 a5 37. Bg5+ Kg7 38. h5 Rxb3 39. h6+ Kf7 40. axb3
e4 41. Be3 Rc3 42. Kf2 Ke7 43. Rd4 Rxb3 44. Rxe4+ Kf6 45. Rc4 Rb4 46. Rxc6+ Kf7
47. Rc7+ Kg8 48. Rg7+ Kh8 49. Ra7 1-0

[Event "World Youth U16 Olympiad"]
[Site "Gyor HUN"]
[Date "2014.12.18"]
[Round "7.14"]
[Board "2"]
[White "Stefanov, Emil"]
[Black "Unuk, Laura"]
[Result "0-1"]
[BlackTitle "WIM"]
[WhiteElo "2134"]
[BlackElo "2249"]
[WhiteTeam "Bulgaria"]
[BlackTeam "Slovenia"]
[WhiteFideId "2914794"]
[BlackFideId "14609215"]
[EventDate "2014.12.13"]
[EventType "team"]

1. d4 d5 2. c4 c6 3. Nf3 Nf6 4. Qc2 dxc4 5. Qxc4 Bf5 6. g3 e6 7. Bg2 Be7 8. O-O
Nbd7 9. Nc3 O-O 10. Re1 Bg6 11. Qb3 c5 12. d5 exd5 13. Nxd5 Be4 14. Nc3 Bc6 15.
a4 Rc8 16. Nd2 Nb6 17. Bxc6 Rxc6 18. Nc4 Qd4 19. Na5 Re6 20. Be3 Rxe3 21. fxe3
Qxe3+ 22. Kg2 Ng4 23. Nd1 Qd2 24. Qc3 Qh6 25. h3 Nd5 26. Qd3 Nge3+ 27. Nxe3
Nxe3+ 28. Kh2 Qe6 29. Ra3 Bg5 30. Qb3 c4 31. Qxb7 Qf5 32. Qf3 Qxa5 33. Rc1 Ng4+
34. Qxg4 Bxc1 35. Qxc4 Bxb2 36. Rf3 Qd2 37. h4 Bf6 38. Rb3 Re8 39. Kh3 Qe1 40.
Qd5 Qf1+ 41. Qg2 Qxg2+ 42. Kxg2 Rxe2+ 43. Kf3 Rb2 0-1

[Event "World Youth U16 Olympiad"]
[Site "Gyor HUN"]
[Date "2014.12.18"]
[Round "7.14"]
[Board "3"]
[White "Cretnik, Urban"]
[Black "Petrov, Vladimir Sergeev"]
[Result "0-1"]
[WhiteElo "2214"]
[BlackElo "2055"]
[WhiteTeam "Slovenia"]
[BlackTeam "Bulgaria"]
[WhiteFideId "14608480"]
[BlackFideId "2902940"]
[EventDate "2014.12.13"]
[EventType "team"]

1. e4 c5 2. c3 g6 3. d4 cxd4 4. cxd4 d5 5. e5 Nc6 6. Nf3 Bg4 7. Bb5 Bg7 8. Bxc6+
bxc6 9. Nbd2 Nh6 10. O-O O-O 11. h3 Bxf3 12. Nxf3 Qb6 13. b3 c5 14. Ba3 cxd4 15.
Bxe7 Rfe8 16. Bg5 Nf5 17. Re1 h6 18. Bf4 g5 19. Bh2 Rac8 20. Qd3 Qe6 21. Nxd4
Nxd4 22. Qxd4 f6 23. Rad1 Rcd8 24. Qxa7 fxe5 25. b4 e4 26. b5 Rd7 27. Qc5 d4 28.
b6 d3 29. Bc7 Bd4 30. Qb5 Rf8 31. Kh1 Bxf2 32. Rxe4 Qxe4 33. Qxd7 Bd4 34. b7 d2
35. Ba5 Qe2 36. Qd5+ Kh7 37. Qd7+ Kg6 38. Qd6+ Rf6 39. b8=Q Qxd1+ 40. Kh2 Qg1+ 0-1

[Event "World Youth U16 Olympiad"]
[Site "Gyor HUN"]
[Date "2014.12.18"]
[Round "7.14"]
[Board "4"]
[White "Vasova, Maria"]
[Black "Bratkovic, Jakob"]
[Result "0-1"]
[WhiteElo "2031"]
[BlackElo "2158"]
[WhiteTeam "Bulgaria"]
[BlackTeam "Slovenia"]
[WhiteFideId "2900955"]
[BlackFideId "14608634"]
[EventDate "2014.12.13"]
[EventType "team"]

1. e4 e5 2. Nf3 Nc6 3. Bc4 Nf6 4. d3 Bc5 5. c3 O-O 6. O-O d5 7. exd5 Nxd5 8. Re1
Bg4 9. h3 Bh5 10. Nbd2 Nb6 11. Ne4 Nxc4 12. Nxc5 Nd6 13. g4 Bg6 14. Bg5 Qc8 15.
d4 exd4 16. cxd4 b6 17. Nd3 f6 18. Bf4 Qd7 19. Nc5 bxc5 20. dxc5 Rad8 21. cxd6
cxd6 22. Rc1 Ne5 23. Nxe5 dxe5 24. Qxd7 Rxd7 25. Be3 Rb8 26. b3 h5 27. Rc5 hxg4
28. hxg4 Be4 29. Kh2 Bf3 30. g5 Kf7 31. Rec1 Kg6 32. Kg3 e4 33. Bf4 Rh8 34. Rc7
Rdd8 35. R1c5 Rh1 36. Rc1 Rh5 37. Rc8 Rxc8 38. Rxc8 fxg5 39. Be3 Rh4 40. Rf8
Rg4+ 41. Kh3 Rg2 42. Bxa7 g4+ 43. Kh4 g3 44. b4 gxf2 45. Bxf2 Rxf2 46. a4 Ra2
47. a5 Ra4 48. b5 Rxa5 49. b6 Rb5 0-1

[Event "World Youth U16 Olympiad"]
[Site "Gyor HUN"]
[Date "2014.12.18"]
[Round "7.15"]
[Board "1"]
[White "Egri, Laszlo Jr."]
[Black "Dankhazi, Andras"]
[Result "1/2-1/2"]
[WhiteElo "2118"]
[BlackElo "2237"]
[WhiteTeam "Transdanubium West 2"]
[BlackTeam "Hungary 3"]
[WhiteFideId "703397"]
[BlackFideId "714267"]
[EventDate "2014.12.13"]
[EventType "team"]

1. b3 d5 2. Bb2 c6 3. Nf3 Bf5 4. e3 e6 5. Be2 h6 6. O-O Nf6 7. c4 Nbd7 8. d3 Be7
9. a3 O-O 10. b4 Re8 11. Nbd2 Bf8 12. Qb3 e5 13. Rfd1 Bd6 14. Nf1 Qe7 15. Ng3
Be6 16. Rac1 a6 17. Qc2 a5 18. c5 Bc7 19. e4 g6 20. Re1 axb4 21. axb4 d4 22. Ra1
Qf8 23. Nd2 Rxa1 24. Rxa1 Ra8 25. Bd1 b6 26. cxb6 Bxb6 27. Rxa8 Qxa8 28. Qa4
Qxa4 29. Bxa4 Nb8 30. Kf1 Nfd7 31. Ke2 Bc7 32. Nc4 Nb6 33. Nxb6 Bxb6 1/2-1/2